| 000 | 00881nac a22002777a 4500 | ||
|---|---|---|---|
| 001 | BR8202553 | ||
| 003 | BR-BrBNA | ||
| 005 | 20240105115315.0 | ||
| 008 | 230509b bl.|||m| |||| 00| 0 por d | ||
| 040 |
_aBR-BrBNA _bpor _cBiblioteca Nacional de Agricultura |
||
| 072 | _aH10; H20 | ||
| 090 | _a1000 BR8202553 | ||
| 100 | 1 | _aGamba, H. | |
| 100 | 1 | _aPinto, W.B. de S. | |
| 110 | 1 | _aBayer do Brasil S.A., Sao Paulo, SP | |
| 245 | 1 | _aAcaras da citricultura e seu controle [Phyllocoptruta oleivora; Brevipalpus phoenicis] | |
| 260 | 3 |
_aSao Paulo, SP (Brasil): _c1982. |
|
| 300 | _a6 p. | ||
| 490 |
_aBoletim Fitossanitario - Bayer do Brasil S.A. (Brazil) _vno. 280 _xISSN 0100-4263 |
||
| 650 | _aFRUTA CITRICA | ||
| 650 | _aACARO | ||
| 650 | _aLEPROSE CITRICA | ||
| 650 | _aCONTROLE QUIMICO | ||
| 909 |
_a202312 _bLúcia Elande _c55 _dLúcia Elande |
||
| 942 |
_2AGRIS _n0 _cMS |
||
| 999 |
_c274186 _d274186 |
||